<The> Role of the signal-noise ratio in Cointegrated systems

Na minha lista:
Detalhes bibliográficos
Autor principal: Kostial, Kristina
Formato: Livro
Idioma:inglês
Publicado em: San Domenico (FI) European University Institute 1994
Colecção:EUI Working paper ECO No. 94/27
Assuntos:
Tags: Adicionar Tag
Sem tags, seja o primeiro a adicionar uma tag!

MARC

LEADER 00000nam a2200000 4500
001 c143024
005 20221123112754.9
041 0 |a eng 
044 |a IT 
245 1 0 |a <The> Role of the signal-noise ratio in Cointegrated systems  |c Kristina Kostial 
264 1 |a San Domenico (FI)  |b European University Institute  |c 1994 
300 |a 31 s. 
490 1 |a EUI Working paper ECO  |v No. 94/27 
830 0 |a EUI Working paper ECO  |v No. 94/27 
610 2 0 |a analýzy 
610 2 0 |a metóda Monte Carlo 
610 2 0 |a odhad štatistický 
610 2 0 |a korelácia 
100 1 |a Kostial, Kristina